Crystals, defects and microstructures : Modeling across scales

A central tenet of materials analysis is the structure-property paradigm, which proposes a direct connection between the geometric structures within a material and its properties. The increasing power of high-speed computation has had a major impact on theoretical materials science and has permitted...

সম্পূর্ণ বিবরণ

সংরক্ষণ করুন:
গ্রন্থ-পঞ্জীর বিবরন
প্রধান লেখক: Phillips, Robert Brooks
বিন্যাস: গ্রন্থ
ভাষা:Undetermined
প্রকাশিত: Cambridge UK Cambridge University Press 2001
বিষয়গুলি:
ট্যাগগুলো: ট্যাগ যুক্ত করুন
কোনো ট্যাগ নেই, প্রথমজন হিসাবে ট্যাগ করুন!
Thư viện lưu trữ: Trung tâm Học liệu Trường Đại học Cần Thơ
LEADER 01077nam a2200229Ia 4500
001 CTU_167555
008 210402s9999 xx 000 0 und d
020 |c 184.16 
082 |a 548.81 
082 |b P558 
100 |a Phillips, Robert Brooks 
245 0 |a Crystals, defects and microstructures : 
245 0 |b Modeling across scales 
245 0 |c Rob Phillips 
260 |a Cambridge UK 
260 |b Cambridge University Press 
260 |c 2001 
520 |a A central tenet of materials analysis is the structure-property paradigm, which proposes a direct connection between the geometric structures within a material and its properties. The increasing power of high-speed computation has had a major impact on theoretical materials science and has permitted the systematic examination of this connection between structure and properties. In this textbook. 
650 |a Crystal lattices,Crystals,Tinh thể,Crystals,Tinh thể 
650 |x Defects,Khuyết tật 
904 |i Trọng Hiếu 
980 |a Trung tâm Học liệu Trường Đại học Cần Thơ